000 01130nam a2200325 i 4500
001 13876
003 KOSZ 005
005 20200714083934.0
008 070810s1970 pl a f 000 0 pol
015 _aPB 1970/9414
035 _a(OCoLC)839123436
040 _aWA N
_cWA N
_dKOSZ 005/KK
080 _a523.2/.7+629.78
100 1 _aMarks, Andrzej
_d(1932-2006).
_eAutor
245 1 0 _aKsiężyc /
_cAndrzej Marks.
260 _aWarszawa :
_bPaństwowe Wydawnictwo Naukowe,
_c1970.
300 _a607, [1] stron, 4 karty, tablice :
_bilustracje, errata ;
_c23 cm.
336 _2rdacontent
_aTekst
_btxt
337 _2rdamedia
_aBez urządzenia pośredniczącego
_bn
338 _2rdacarrier
_aWolumin
_bnc
380 _aKsiążki.
490 1 _aBiblioteka Problemów ;
_vt. 156.
650 4 _aKsiężyc
658 _aFizyka i astronomia
650 4 _aAstronautyka
710 _aPaństwowe Wydawnictwo Naukowe
_4pbl.
830 0 _aBiblioteka Problemów,
_vt. 156.
856 _uhttp://koha.tu.koszalin.pl/cgi-bin/koha/opac-detail.pl?biblionumber=13876
_yKatalog online BPK
942 _2UKD
_cKS
999 _c13876
_d13876